Joseph Conrad, giant in exile.

Bibliographic Details
Main Author: Gurko, Leo, 1914-
Format: Book
Language:English
Published: New York : Macmillan, 1962.
Subjects:

MARC

Tag First Indicator Second Indicator Subfields
LEADER 00000cam a2200000 4500
001 in00000024472
005 20151007062356.0
008 720724s1962 nyu b 00000 eng u
010 |a  62011922  
035 |a (OCoLC)00362871 
035 |9 AAD4709AM 
040 |c WSU  |d TXA  |d UtOrBLW 
049 |a TXAM  |c [369320] 
050 0 0 |a PR6005.O4  |b Z7417 
092 |a 823  |b C754Ygu 
100 1 |a Gurko, Leo,  |d 1914- 
245 1 0 |a Joseph Conrad, giant in exile. 
264 1 |a New York :  |b Macmillan,  |c 1962. 
300 |a 258 pages ;  |c 22 cm. 
336 |a text  |b txt  |2 rdacontent 
337 |a unmediated  |b n  |2 rdamedia 
338 |a volume  |b nc  |2 rdacarrier 
504 |a Includes bibliography. 
600 1 0 |a Conrad, Joseph,  |d 1857-1924. 
740 0 |a Giant in exile. 
999 |a MARS 
999 f f |s 45c316dc-6adf-3720-8304-9d8b4178a648  |i 10e956b8-fe29-3ac5-a560-4bf3fca292de  |t 0 
952 f f |p normal  |a Texas A&M University  |b College Station  |c Sterling C. Evans Library  |d Evans: Library Stacks  |t 0  |e PR6005.O4 Z7417  |h Library of Congress classification  |i unmediated -- volume  |m A14801315138 
998 f f |a PR6005.O4 Z7417  |t 0  |l Evans: Library Stacks